Plantilla del campeon - Copa America (1) - Estadísticas

Estadísticas generales
  • Esta prueba ha sido intentada 11 veces
  • La puntuación promedio es 39 de 186
Estadísticas de respuestas
Pos. Jugador Equipo % Correcto
DEL Carlos Scarone Nacional
57%
DEL Carlos Scarone Nacional
57%
DEL Gregoria Rodriguez Universal
57%
DEL Hector Scarone Nacional
57%
DEL Hector Scarone Nacional
57%
DEL Hector Scarone Nacional
57%
DEL Hector Scarone Nacional
57%
MED Jose Perez Peñarol
57%
MED Jose Perez Peñarol
57%
DEL Jose Perez Peñarol
57%
DEL Ladislao Perez Montevideo Wanderers
57%
MED Lorenzo Fernandez Capurro
57%
DEF Manuel Varela Peñarol
57%
DEF Manuel Varela Peñarol
57%
DEL Isabelino Gradin Peñarol
43%
DEL Isabelino Gradin Peñarol
43%
DEF(c) Jose Nasazzi Bella Vista
43%
DEF(c) Jose Nasazzi Bella Vista
43%
DEF(c) Jose Nasazzi Bella Vista
43%
MED(c) Agostinho Fortes Fluminense
29%
DEF Alberto Zibechi Montevideo Wanderers
29%
DEL Alejandro de los Santos El Porvenir
29%
POR Alfredo Balmelli Montevideo Wanderers
29%
DEF Alfredo Foglino Nacional
29%
DEF Alfredo Foglino Nacional
29%
DEF(c) Alfredo Foglino Nacional
29%
MED Alfredo Zibecchi Nacional
29%
DEF Alfredo Zibechi Montevideo Wanderers
29%
DEF Alfredo Zibechi Nacional
29%
MED Amilcar Corinthians
29%
MED Amilcar Corinthians
29%
DEL Angel Romano Nacional
29%
DEL Angel Romano Nacional
29%
DEL Angel Romano Nacional
29%
DEL Angel Romano Nacional
29%
DEL Angel Romano Nacional
29%
DEL Angel Romano Nacional
29%
MED Antonio Urdinaran Defensor Sporting
29%
MED Antonio Urdinaran Defensor Sporting
29%
DEF Antonio Urdinaran Nacional
29%
MED Armando Zibechi Montevideo Waderers
29%
DEL Arnaldo Santos
29%
DEF Bianco Palestra Italia
29%
DEL Carlos Mongelar Universal
29%
DEL Carregal Flamengo
29%
POR Cayetano Saporiti Montevideo Wanderers
29%
POR Cayetano Saporiti Central
29%
POR Dyonisio Ypiranga
29%
MED Fortes Fluminense
29%
DEF Francisco Castellino Nacional
29%
MED Galo Flamengo
29%
DEL Hector Castro Nacional
29%
MED(c) Jorge Pacheco Peñarol
29%
MED Jose Alfredo Lopez Boca Juniors
29%
MED Jose Andrade Bella Vista
29%
DEL Jose Andrade Bella Vista
29%
MED Jose Andrade Bella Vista
29%
DEF Jose Benincasa Peñarol
29%
DEL Jose Brachi Nacional
29%
DEF(c) Jose Pacheco Peñarol
29%
DEL Jose Piendibene Peñarol
29%
DEL Jose Piendibene Peñarol
29%
MED Jose Tognola Reformers
29%
MED Jose Vanzzino Nacional
29%
MED Jose Vanzzino Nacional
29%
MED Jose Vanzzino Nacional
29%
MED Juan Delgado Central
29%
MED Juan Delgado Peñarol
29%
MED Juan Jose Villar Montevideo Wanderers
29%
DEL Juan Jose Villar Universal
29%
MED Lais Fluminense
29%
MED Lais Fluminense
29%
MED Martins Sao Cristovao
29%
DEF Miguel Benincasa River Plate FC
29%
DEL Nelson Montes Montevideo Wanderers
29%
MED Pablo Dacal Nacional
29%
DEF Palamone Mckenzie
29%
DEF Palamone Botafogo
29%
MED Pascual Somma Nacional
29%
MED Pascual Somma Nacional
29%
DEL Pascual Somma Nacional
29%
MED Pascual Somma Nacional
29%
DEL Pedro Cea Lito
29%
DEL Pedro Cea Lito
29%
DEF Pindaro Flamengo
29%
DEL Raul Garrido Universal
29%
DEL Rodolfo Maran Universal
29%
MED Sadi Couture Dublin
29%
DEL Santos Urdinaran Nacional
29%
DEL Santos Urdinaran Nacional
29%
DEL Santos Urdinaran Nacional
29%
MED Sergio Paulistano
29%
DEL Vicente Gonzalez Gimnasia y Esgrima M
29%
DEF Adolfo Celli Newell's Old Boys
14%
MED Alfredo Ghierra Universal
14%
MED Alfredo Ghierra Universal
14%
MED Alfredo Ghierra Universal
14%
POR Americo Tesoriere Boca Juniors
14%
POR(c) Americo Tesoriere Boca Juniors
14%
POR Andres Mazali Nacional
14%
POR Andres Mazali Nacional
14%
POR Andres Mazali Nacional
14%
MED Andres Ravera Peñarol
14%
DEL Antonio Campolo Peñarol
14%
DEL Arlindo America
14%
DEL Arthur Friedenreich Paulistano
14%
DEL Arthur Friedenreich Paulistano
14%
DEF Bartho Sao Bento
14%
DEL Blas Saruppo Newell's Old Boys
14%
DEF Chico Netto Fluminense
14%
DEF Domingo Tejera Montevideo Wanderers
14%
DEF Domingo Tejera Montevideo Wanderers
14%
DEL Durval Junqueira Flamengo
14%
MED(c) Emilio Solari Nueva Chicago
14%
POR Ernesto Kiesel Huracan
14%
DEF Florindo Bearzotti Belgrano Rosario
14%
DEL Formiga Paulistano
14%
MED Gabino Sosa Central Cordoba (R)
14%
DEL(c) Haroldo Santos
14%
DEL Heitor Palestra Italia
14%
DEL Heitor Palestra Italia
14%
DEL Jaime Chavin Huracan
14%
POR Juan Legnazzi Peñarol
14%
POR Julio Kuntz Flamengo
14%
DEL Julio Libonatti Newell's Old Boys
14%
POR Manuel Beloutas Universal
14%
POR Marcos Mendoca Fluminense
14%
POR Marcos Mendoca Fluminense
14%
DEL Neco Corinthians
14%
DEL Neco Corinthians
14%
MED Nesi Sao Cristovao
14%
MED Pascual Ruotta Peñarol
14%
DEL Pedro Calomino Boca Juniors
14%
POR Pedro Casella Belgrano (URU)
14%
POR Pedro Casella Rampla Juniors
14%
DEL Pedro Etchegoyen Liverpool FC
14%
DEL Pedro Etchegoyen Liverpool FC
14%
DEL Pedro Petrone Charley
14%
DEL Pedro Petrone Nacional
14%
DEL Raphael Rodrigues Corinthians
14%
DEL Raul Echeverria Estudiantes LP
14%
MED Sebastian Marroche Reformers
14%
DEL Tatu Corinthians
14%
MED Xingo Pelotas
14%
DEL Zeze Fluminense
14%
MED Abraham Lobos Lito
0%
MED Alfredo Elli Boca Juniors
0%
DEL Alfredo Garasini Boca Juniors
0%
DEL Angel Barlocco Nacional
0%
MED Angel Medici Boca Juniors
0%
DEL Antonio Cerrotti Boca Juniors
0%
DEL Domingo Tarasconi Boca Juniors
0%
DEF Emilio Recoba Nacional
0%
MED Emilio Semino Nueva Chicago
0%
POR Fausto Batignani Liverpool FC
0%
DEF Fermin Uriarte Lito
0%
DEF Fermin Uriarte Lito
0%
DEF Humberto Tomassina Liverpool FC
0%
POR Jorge Iribarren General San Martin
0%
DEL Jose Pinedibene Peñarol
0%
MED Jose Vidal Belgrano (URU)
0%
MED Jose Vidal Belgrano (URU)
0%
MED Juan Alzugaray Rampla Juniors
0%
DEL Juan Bianchi Progresista
0%
DEL Juan Carlos Irurieta Argentino de Quilmes
0%
DEF Juan Geronimo Porteño
0%
DEF Juan Pratto Huracan
0%
DEF Ludovico Bidoglio Boca Juniors
0%
MED Luis Vaccaro Argentinos Juniors
0%
DEL Luiz Meneses Botafogo
0%
DEL Manuel Seoane El Porvenir
0%
MED Mario Fortunato Boca Juniors
0%
DEL Martin Sanchez Colon
0%
MED Miguel Dellavalle Belgrano
0%
DEL Millon Santos
0%
MED Nicolas Conti Montevideo Wanderers
0%
DEL Pascual Cabrera Rampla Juniors
0%
DEF Pedro Arispe Rampla Juniors
0%
MED Pedro Zingone Lito
0%
MED Pedro Zingone Lito
0%
MED Picali Palestra Italia
0%
DEF Ramon Bucetta Nacional
0%
DEF Ramon Muttis Boca Juniors
0%
DEL Rene Borjas Nacional
0%
DEL Soilo Saldombide Montevideo Wanderers
0%
DEL Zoilo Saldombide Montevideo Wanderers
0%
No se encontraron pruebas coincidentes
Distribución de puntuación
Porcentaje de gente con cada puntuación
Porcentaje por número respondido
Historial de tus puntuaciones
No has intentado esta prueba.